| 000 | 00483nam a22001337a 4500 | ||
|---|---|---|---|
| 082 |
_a621.3 _bKUK _cL-9, P-38 |
||
| 100 |
_aS.P. Kukde _941296 |
||
| 245 |
_aProblems in electrical engineering with solutions _bIncluding questions from Bombay, Poona, Gujarat and other university examination papers _cKukde, S.P |
||
| 260 |
_aPoona _bRoyal book stall budhawar peth. |
||
| 300 |
_axii, 487 p. _bill. |
||
| 526 |
_a0 _b0 _c0 _d621_300000000000000_KUK |
||
| 650 |
_aMCE _9379 |
||
| 942 |
_2ddc _cBK |
||
| 999 |
_c545442 _d545442 |
||